ا د ب شنا سی (Record no. 173678)

MARC details
000 -LEADER
fixed length control field 00645nam a22001817a 4500
005 - DATE AND TIME OF LATEST TRANSACTION
control field 20200304161658.0
010 ## - LCCN (DPL NO)
LC control number UR-10723
020 ## - INTERNATIONAL STANDARD BOOK NUMBER
Terms of availability 150.00
International Standard Book Number 9789383239924
035 ## - SYSTEM CONTROL NUMBER
System control number U-9278
037 ## - SOURCE OF ACQUISITION
Source of stock number/acquisition DBAD/PUB
Stock number -
100 ## - MAIN ENTRY--PERSONAL NAME
Personal name مر تبين :ہا جر ہ پر و ين
245 ## - TITLE STATEMENT
Title ا د ب شنا سی
Statement of responsibility, etc مر تبين :ہا جر ہ پر و ين
246 ## - VARYING FORM OF TITLE
Remainder of title Adab Shanasi (Urdu)
Title proper/short title Compiled by Hajira Parveen
260 ## - PUBLICATION, DISTRIBUTION, ETC. (IMPRINT)
Place of publication, distribution, etc N.Delhi
Name of publisher, distributor, etc Applied Books
Date of publication, distribution, etc 2019 ء
270 ## - ADDRESS
Address 1739/10,New Kohinoor Hotel,Patodi House Darya Ganj,
City N.Delhi
Postal code 110002
Telephone number -
Fax number -
300 ## - PHYSICAL DESCRIPTION
Extent 240 ص
Dimensions 22 Cm(Hb)
942 ## - ADDED ENTRY ELEMENTS (KOHA)
Source of classification or shelving scheme Dewey Decimal Classification
Item type Urdu Bks
Classification part 840.08
Call number suffix ا د ب
Holdings
Withdrawn status Lost status Not for loan Collection code Home library Current library Date acquired Source of acquisition Cost, normal purchase price Full call number Barcode Copy number Cost, replacement price Koha item type
      Non-fiction D.B.Act.Division D.B.Act.Division 04/03/2020 DBAD/PUB 150.00 840.08 ا د ب U-9278 1 150.00 Urdu Bks

© Delhi Public Library
Hit Counter
free hit counter